00920cam a22002297a 4500020001800000020001500018040001000033082002600043245004400069246004200113246004100155246001800196246010300214250001900317260003400336300006900370500008600439650004700525650002200572650001700594710007900611 a9781933742816 a193374281X cBTCTA a338 ASH 2008 A078 Or.00a2010 ASHRAE Handbook :bRefrigeration /08aASHRAE handbook :b2010 refrigeration3 aASHRAE handbook : refrigeration 201003aRefrigeration3 aAmerican Society of Heating, Refrigerating and Air-Conditioning Engineers handbook : refrigeration aInch-pound ed. aAtlanta, GA :bASHRAE,c2010. a1 v. (various pagings) :bill. ;c29 cm. +e1 CD-ROM (4 3/4 in.) aAccompanied by 2010 ASHRAE Handbook - Refrigeration (I-P and SI editions) CD-ROM. 0aRefrigeration and refrigerating machinery. 0aAir conditioning. 0aVentilation.2 aAmerican Society of Heating, Refrigerating and Air-Conditioning Engineers.